2012 Orlando Magic Roster - Statistics

General Stats
  • This quiz has been taken 285 times
  • The average score is 5 of 16
Answer Stats
Answer % Correct
Dwight Howard
99%
Jameer Nelson
70%
Hedo Türkoğlu
51%
J.J. Redick
49%
Ryan Anderson
41%
Glen Davis
36%
Jason Richardson
36%
Quentin Richardson
36%
Chris Duhon
20%
Ish Smith
19%
Earl Clark
17%
DeAndre Liggins
12%
Justin Harper
11%
Von Wafer
11%
Daniel Orton
6%
Larry Hughes
6%
No matching quizzes found
Score Distribution
Percent of People with Each Score
Percentile by Number Answered
Your Score History
You have not taken this quiz